| 000 | 00790nam a2200289Ia 4500 | ||
|---|---|---|---|
| 005 | 20260324132202.0 | ||
| 008 | 008 260324s9999 xx 000 0 eng d | ||
| 020 | _a9781003513001 | ||
| 037 | _aEBOOK | ||
| 040 | _aCRL | ||
| 040 | _beng | ||
| 040 | _cCRL | ||
| 041 | _2eng | ||
| 041 | _aeng | ||
| 084 | _qCRL | ||
| 100 |
_aSimon Grimble; Sheila A Mcintosh; Aileen Christianson; Ralph Pite; Valerie Sanders _91188334 |
||
| 245 | 0 | _aLives of Victorian Literary Figures, Part III, Volume 1 | |
| 245 | 0 | _bElizabeth Gaskell, the Carlyles and John Ruskin | |
| 260 | _bTaylor and Francis | ||
| 260 | _c2005 | ||
| 365 | _a | ||
| 365 | _b220 | ||
| 856 | _uhttp://www.taylorfrancis.com/books/9781003513001 | ||
| 942 | _cEBOOK | ||
| 999 |
_c1786210 _d1786210 |
||